| 000 | 01345nam0a2200313 i 4500 | ||
|---|---|---|---|
| 001 | RU\NLR\BIBL_A\010714191 | ||
| 005 | 20240921200648.0 | ||
| 010 |
_a9785790417719 _9100 |
||
| 021 |
_aRU _b2015-10853 _9661 |
||
| 035 | _a(NILC)RuMoRGB-007871718 | ||
| 035 | _a(NLR Aleph) 010714191 | ||
| 090 |
_a9789147 _c9789147 |
||
| 100 | _a20150403d2014 k y0rusy50 ca | ||
| 101 | 0 | _arus | |
| 102 | _aRU | ||
| 105 | _aa|||z|||000yy | ||
| 200 | 1 |
_aАлгоритмические проблемы конечных автоматов _eмонография _fВ.А. Ганов, Р.В. Дегтерева _gМ-во образования и науки РФ, Алт. гос. ун-т |
|
| 210 |
_aБарнаул _cИзд-во Алтайского государственного университета _d2014 |
||
| 215 |
_a39 с. _cил. _d21 |
||
| 320 | _aБиблиогр.: с. 36 (9 назв.) | ||
| 606 | 1 |
_aКонечные автоматы _xТеория _xМатематические основы _92468320 _3RU\NLR\AUTH\661466196 |
|
| 686 | 1 | _aЗ815 | |
| 700 | 1 |
_aГанов _bВ. А. _gВалерий Александрович |
|
| 701 | 1 |
_aДегтерева _bР. В. _gРуслана Валерьевна |
|
| 801 | 0 |
_aRU _bРГБ _c20150219 _gRCR |
|
| 942 | _cBOOK | ||
| 980 | _aNBR | ||